All Countries To All Capitals - Statistics

General Stats
  • This quiz has been taken 1,503 times
    1,402 since last reset
  • The average score is 122 of 196
Answer Stats
Country Capital(s) % Correct
Afghanistan Kabul
91%
Australia Canberra
90%
Austria Vienna
90%
Argentina Buenos Aires
89%
Belgium Brussels
88%
Algeria Algiers
87%
Brazil Brasília
87%
Albania Tirana
87%
Andorra Andorra la Vella
85%
China Beijing
85%
Canada Ottawa
85%
France Paris
85%
Greece Athens
84%
Germany Berlin
84%
Belarus Minsk
84%
Egypt Cairo
83%
Denmark Copenhagen
83%
Italy Rome
83%
Bulgaria Sofia
83%
Japan Tokyo
83%
Ireland Dublin
82%
Cuba Havana
82%
Finland Helsinki
82%
Czech Republic Prague
82%
Chile Santiago
81%
Bosnia & Herzegovina Sarajevo
81%
Mexico Mexico City
80%
India New Delhi
80%
Israel Tel Aviv
80%
Colombia Bogotá
79%
Hungary Budapest
79%
Croatia Zagreb
79%
Azerbaijan Baku
78%
Bolivia La Paz or Sucre
78%
Bangladesh Dhaka
77%
Indonesia Jakarta
77%
Luxembourg Luxembourg
77%
Bahamas Nassau
77%
Netherlands Amsterdam
76%
Djibouti Djibouti
76%
Monaco Monaco
76%
Russia Moscow
76%
Norway Oslo
76%
Estonia Tallinn
76%
Portugal Lisbon
75%
Iceland Reykjavik
75%
El Salvador San Salvador
75%
Iran Tehran
75%
Poland Warsaw
75%
Iraq Baghdad
74%
Guatemala Guatemala City
74%
Jamaica Kingston
74%
Kuwait Kuwait City
74%
Latvia Riga
74%
Kenya Nairobi
73%
Cyprus Nicosia
73%
Panama Panama City
73%
Ecuador Quito
73%
Peru Lima
72%
New Zealand Wellington
72%
Spain Madrid
71%
Haiti Port-au-Prince
71%
North Korea Pyongyang
71%
Singapore Singapore
71%
Armenia Yerevan
71%
Lebanon Beirut
70%
Romania Bucharest
70%
Pakistan Islamabad
70%
Angola Luanda
70%
Philippines Manila
70%
San Marino San Marino
70%
South Korea Seoul
70%
Jordan Amman
69%
Cambodia Phnom Penh
69%
South Africa Bloemfontein, Cape Town or Pretoria
68%
Malaysia Kuala Lumpur
68%
Morocco Rabat
68%
Costa Rica San José
68%
Dominican Republic Santo Domingo
68%
Sweden Stockholm
68%
Malta Valletta
68%
Switzerland Bern
67%
Liechtenstein Vaduz
67%
Lithuania Vilnius
67%
Ethiopia Addis Ababa
66%
Belize Belmopan
66%
Guinea-Bissau Bissau
66%
United Kingdom London
66%
Kazakhstan Nursultan
66%
Saudi Arabia Riyadh
66%
Georgia Tbilisi
66%
Libya Tripoli
66%
United States of America Washington D.C.
66%
Kosovo Pristina
65%
Thailand Bangkok
64%
Qatar Doha
64%
Nepal Kathmandu
64%
Democratic Republic of the Congo Kinshasa
64%
Bahrain Manama
64%
Serbia Belgrade
63%
East Timor Dili
63%
Vatican City Vatican City
63%
Ghana Accra
62%
Turkey Ankara
62%
Slovakia Bratislava
62%
Guyana Georgetown
62%
Ukraine Kiev
62%
Maldives Malé
62%
Taiwan Taipei
62%
Moldova Chișinău
61%
Syria Damascus
61%
North Macedonia Skopje
61%
Tunisia Tunis
61%
Mongolia Ulaanbaatar
61%
Paraguay Asunción
60%
Barbados Bridgetown
60%
Madagascar Antananarivo
59%
Oman Muscat
59%
Montenegro Podgorica
59%
United Arab Emirates Abu Dhabi
58%
Brunei Bandar Seri Begawan
58%
Burkina Faso Ouagadougou
58%
São Tomé & Principe São Tomé
58%
Bhutan Thimphu
58%
Slovenia Ljubljana
57%
Fiji Suva
57%
Honduras Tegucigalpa
57%
Nigeria Abuja
56%
Vietnam Hanoi
56%
Chad N'Djamena
56%
Papua New Guinea Port Moresby
56%
Antigua & Barbuda Saint John's
56%
Kyrgyzstan Bishkek
55%
Senegal Dakar
55%
Nicaragua Managua
55%
Liberia Monrovia
55%
Uruguay Montevideo
55%
Namibia Windhoek
55%
Venezuela Caracas
54%
Laos Vientiane
54%
Cameroon Yaoundé
54%
Republic of the Congo Brazzaville
53%
Somalia Mogadishu
53%
Benin Porto-Novo or Cotonou
53%
Cape Verde Praia
52%
Botswana Gaborone
51%
Sudan Khartoum
51%
Eritrea Asmara
50%
Sierra Leone Freetown
50%
South Sudan Juba
49%
Dominica Roseau
49%
Seychelles Victoria
49%
Central African Republic Bangui
48%
Yemen Sana'a
48%
Guinea Conakry
47%
Rwanda Kigali
47%
Gabon Libreville
47%
Mozambique Maputo
47%
Mali Bamako
46%
Comoros Moroni
46%
Niger Niamey
46%
Suriname Paramaribo
46%
Gambia Banjul
45%
Burundi Gitega
45%
Malawi Lilongwe
45%
Eswatini Mbabane
45%
Trinidad & Tobago Port-of-Spain
45%
Turkmenistan Ashgabat
44%
Grenada Saint George's
44%
Côte d'Ivoire Yamoussoukro
44%
Uganda Kampala
43%
Equatorial Guinea Malabo
43%
Myanmar Naypyidaw
43%
Mauritius Port Louis
43%
Tanzania Dodoma
42%
Tajikistan Dushanbe
42%
Zimbabwe Harare
42%
Uzbekistan Tashkent
42%
Samoa Apia
40%
Lesotho Maseru
40%
Federated States of Micronesia Palikir
40%
Togo Lomé
39%
Mauritania Nouakchott
39%
Saint Lucia Castries
38%
Zambia Lusaka
36%
Saint Vincent & the Grenadines Kingstown
35%
Nauru Yaren
35%
Saint Kitts & Nevis Basseterre
34%
Marshall Islands Majuro
33%
Kiribati South Tarawa
33%
Sri Lanka Sri Jayawardenepura Kotte
33%
Tonga Nukuʻalofa
31%
Palau Ngerulmud
30%
Tuvalu Funafuti
29%
Solomon Islands Honiara
29%
Vanuatu Port Vila
27%
No matching quizzes found
Score Distribution
Percent of People with Each Score
Percentile by Number Answered
Your Score History
You have not taken this quiz since the last reset